| 000 | 00636nam a2200217Ia 4500 | ||
|---|---|---|---|
| 003 | OSt | ||
| 005 | 20251219100614.0 | ||
| 008 | 210210b2012 xxu||||| |||| 00| 0 eng d | ||
| 040 | _cAL | ||
| 041 | _aKannada | ||
| 082 | _aK894.1 DUNH | ||
| 100 |
_aDUNDIRAJ (H) _9139295 _dದುಂಡಿರಾಜ್ (ಎಚ್) |
||
| 245 |
_aHanigarike: hanigavanagalu _bಹನಿಗಾರಿಕೆ : ಹನಿಗವನಗಳು |
||
| 260 |
_aBengaluru _bAnkita Pustaka _c2012 |
||
| 300 | _a104 | ||
| 650 |
_ahanigavanagaLu _9139296 |
||
| 650 |
_aHanigArike: _9139297 |
||
| 690 |
_aKannada Poetry _9139298 |
||
| 906 | _a067338 | ||
| 942 |
_2ddc _cBK |
||
| 999 |
_c149676 _d149676 |
||